000 01092cam a2200301 i 4500
001 16681
003 DO-SdUEMH
005 20251222185009.0
007 ta
008 211105s2004 dr |||gr|||| 000 0 spa|d
020 _a99934-30-67-6
040 _aDO-SdUEMH
_bspa
_erda
041 _aspa
082 0 4 _mRD
_aR-RD 016.33097293
_bR426b
084 _b18-00056
110 _aRepública Dominicana: Banco Central
245 1 0 _aBibliografía económica dominicana 2001-2002 /
260 _c2004
264 0 1 _aSanto Domingo, República Dominicana :
_bBanco Central de la República Dominicana,
_c2004
300 _axxvi, 261 paginas ;
_c23 cm
336 _2rdacontent
_atexto
_btxt
337 _2rdamedia
_asin mediación
_bn
338 _2rdacarrier
_avolumen
_bnc
490 _aArte y literatura ;
_v7
505 1 _aPresentación -- Guía para el manejo de la bibliografía -- Publicaciones periódicas indizadas -- Abreviaturas utilizadas -- Instituciones depositarias -- Tabla de descriptores -- Referencias bibliográficas -- Índice de autores.
942 _2ddc
_cBK
_n0
999 _c16681
_d16681